| 000 | 00837nam a2200229Ia 4500 | ||
|---|---|---|---|
| 999 |
_c34603 _d34603 |
||
| 001 | 365 | ||
| 003 | GE_BSU | ||
| 005 | 20200122160019.0 | ||
| 008 | 181216s2009||||ge |||||||||||||| ||geo|| | ||
| 040 | _cGE_BSU | ||
| 041 | _ageo | ||
| 080 | _a615.1+005.93 გ–69 | ||
| 100 |
_aგორგასლიძე, ნანა _96320 |
||
| 245 |
_aფარმაცევტულ დაწესებულებათა მენეჯმენტი / _cნანა გორგასლიძე ; რედ. ნ. გონგაძე. |
||
| 264 |
_aთბილისი, _b _c2009. |
||
| 300 |
_a181 გვ.; _b28 სმ. |
||
| 541 | _h30 ლ. | ||
| 653 | _aმენეჯმენტი | ||
| 653 | _aფარმაცია | ||
| 700 |
_aგონგაძე, ნ. _eრედაქტორი _96321 |
||
| 942 |
_cBK _2udc |
||